Excel phổ thông

সংরক্ষণ করুন:
গ্রন্থ-পঞ্জীর বিবরন
প্রধান লেখক: VN-Guide
বিন্যাস: গ্রন্থ
ভাষা:Undetermined
প্রকাশিত: H. Thống Kê 2002
বিষয়গুলি:
ট্যাগগুলো: ট্যাগ যুক্ত করুন
কোনো ট্যাগ নেই, প্রথমজন হিসাবে ট্যাগ করুন!
Thư viện lưu trữ: Trung tâm Học liệu Trường Đại học Cần Thơ
LEADER 00430nam a2200169Ia 4500
001 CTU_52225
008 210402s9999 xx 000 0 und d
082 |a 005.3 
082 |b V308 
100 |a VN-Guide 
245 0 |a Excel phổ thông 
245 0 |c VN-Guide 
260 |a H. 
260 |b Thống Kê 
260 |c 2002 
650 |a excel ( computer programs ) 
980 |a Trung tâm Học liệu Trường Đại học Cần Thơ